Quiz sur la Haute-Garonne - Statistiques

Statistiques générales
  • Ce quiz a été pris 4 648 fois
  • Le résultat moyen est 13 sur 20
Statistiques - réponses
Question Réponse % Correct
Pays frontalier Espagne
99%
Préfecture et plus grande ville Toulouse
99%
Surnom le plus commun de celle-ci Ville {rose}
97%
Région dans laquelle il se situe depuis 2016 Occitanie
96%
Chaîne de montagnes que l'on peut trouver là-bas Pyrénées
96%
Numéro du département 31
94%
Sport dans lequel le club de la préfecture est le plus titré en Europe Rugby
90%
Spécialité régionale à base de haricots blancs et de viande Cassoulet
88%
Entreprise européenne majeure qui siège dans cette commune Airbus
87%
Canal reliant la préfecture à la ville de Sète Canal du {Midi}
87%
Ville de banlieue accueillant l'aéroport de la préfecture Blagnac
76%
Chanteur natif de la préfecture, qui l'a chantée en 1967 Claude Nougaro
61%
Département qui a récupéré l'arrondissement de Castelsarrasinqui faisait partie de la Haute-Garonne jusqu'en 1808 Tarn-et-Garonne
61%
Peuple germanique ayant fondé un royaume en actuelleHaute-Garonne, qui a tenu de l'an 418 jusqu'en 720 Wisigoths
42%
Seule autre sous-préfecture Muret
41%
Sous-préfecture située dans le sud du département Saint-Gaudens
40%
Président de la Quatrième République, né à Revel Vincent Auriol
30%
Écrivain qui a notamment écrit la trilogie Les Fourmis Bernard Werber
28%
Natif de cette ville qui aurait peut-être inventé l'avion,ou en tous cas le mot qui désigne ce véhicule Clément Ader
19%
Illustre philosophe et religieux dominicain qui reposedans une église du département depuis 1369 Thomas d'Aquin
12%
Aucun quiz correspondant
Distribution des résultats
% des personnes avec chaque résultat
Percentile par nombre de réponses
Votre historique - résultats
Vous n’avez pas pris ce quiz